Tiene v raji útoky na Bali obrátili svetovú pozornosť na juhovýchodnú Áziu

Bibliographic Details
Main Author: Hromada, Ivan (Author)
Format: Article
Language:Slovak
Subjects:

MARC

LEADER 00000nab a2200000 a 4500
001 vtls000812223
003 SK-MaSNL
005 20260302165326.0
008 180206c2002 xo 0 slo
015 |a SNBRB2002/11-34277 
035 |a CLN000163878 
040 |a SNKBUCL  |b slo  |c SNKBUCL  |e AACR2 
041 0 |a slo 
044 |a xo  |c SK 
080 |a 323.285(923.1)  |2 UDC-MRF-SK2 
080 |a 338.1(5)  |2 UDC-MRF-SK2 
100 1 |a Hromada, Ivan  |4 aut  |9 310120 
245 1 0 |a Tiene v raji  |b útoky na Bali obrátili svetovú pozornosť na juhovýchodnú Áziu  |c Ivan Hromada 
650 0 7 |a terorizmus  |z Bali (Indonézia)  |2 snkbucl  |9 869730 
651 7 |a Ázia juhovýchodná  |2 snkbucl  |9 54693 
655 7 |a články z novín a časopisov  |2 snkbucl  |9 267496 
773 0 |x 1335-468X  |t Slovo. Politicko-spoločenský týždenník  |g Roč. 4, č. 43 (2002), s. 8 
850 |a Slovenská národná knižnica v Martine 
852 |a SNK  |b KIS3GCP 
958 |a RBX 
999 |c 1389607  |d 1391537